Beyond the shadow of the Senators : The untold story of the Homestead Grays and the integration of baseball
Beyond a doubt this is a well documented, interesting to read, important addition to the history of black baseball in America.
Zapisane w:
| 1. autor: | |
|---|---|
| Format: | Książka |
| Język: | Undetermined |
| Wydane: |
Chicago
Contemporary Books
2003
|
| Hasła przedmiotowe: | |
| Etykiety: |
Dodaj etykietę
Nie ma etykietki, Dołącz pierwszą etykiete!
|
| Thư viện lưu trữ: | Trung tâm Học liệu Trường Đại học Cần Thơ |
|---|
| LEADER | 00923nam a2200253Ia 4500 | ||
|---|---|---|---|
| 001 | CTU_150195 | ||
| 008 | 210402s9999 xx 000 0 und d | ||
| 020 | |c 55 | ||
| 082 | |a 796.357 | ||
| 082 | |b S675 | ||
| 100 | |a Snyder, Brad | ||
| 245 | 0 | |a Beyond the shadow of the Senators : | |
| 245 | 4 | |b The untold story of the Homestead Grays and the integration of baseball | |
| 245 | 0 | |c Brad Snyder | |
| 260 | |a Chicago | ||
| 260 | |b Contemporary Books | ||
| 260 | |c 2003 | ||
| 520 | |a Beyond a doubt this is a well documented, interesting to read, important addition to the history of black baseball in America. | ||
| 650 | |a Baseball,African American baseball players,Discrimination in sports | ||
| 650 | |x History,History | ||
| 650 | |y 20th century,20th century | ||
| 650 | |z Washington (D.C.),Washington (D.C.),United States | ||
| 904 | |i Bạch Trúc | ||
| 980 | |a Trung tâm Học liệu Trường Đại học Cần Thơ | ||